|
|
|
|
| LEADER |
00590cam a2200169 7i4500 |
| 001 |
0000029768 |
| 005 |
20130710090000.0 |
| 020 |
0 |
0 |
|a 9781118027714
|
| 090 |
0 |
0 |
|a I 332.64
|b ARN
|
| 100 |
1 |
0 |
|a Arnett
|
| 245 |
1 |
0 |
|a Global securities markets :
|b navigating the world's exchanges and OTC markets.
|
| 260 |
0 |
0 |
|a Hoboken, New Jersey:
|b John Wiley and Sons,
|c 2011.
|
| 300 |
# |
# |
|a 174 p.
|
| 650 |
0 |
0 |
|a Stock exchanges --
|x Case studies
|
| 650 |
0 |
0 |
|a Over - the - counter markets --
|x Case studies
|
| 650 |
0 |
0 |
|a Investments --
|x Case studies
|
| 999 |
|
|
|a 0000032333
|b Book
|c International
|e Business Information Centre
|